Ekonomicko-technické informácie v stavebníctve

Gespeichert in:
Bibliographische Detailangaben
Format: Schriftenreihe
Sprache:Slowakisch
Veröffentlicht: Bratislava CENEKON 1994
Schlagworte:
Tags: Tag hinzufügen
Keine Tags, Fügen Sie das erste Tag hinzu!

MARC

LEADER 00000nas2a2200000 4500
001 s017850
005 20240109095820.7
041 0 |a slo 
044 |a SK 
245 1 0 |a Ekonomicko-technické informácie v stavebníctve 
264 1 |a Bratislava  |b CENEKON  |c 1994 
300 |a 2 zv. 
773 0 |w eu_un_cat*s121043 
610 2 0 |a stavebníctvo 
610 2 0 |a informácie ekonomické